000 00664nam a2200217Ia 4500
003 GCL
005 20240530104531.0
008 140319s9999 xx 000 0 ara d
040 _aGCL /
_cGCL
082 0 4 _a939.4
_bم ا
100 1 _aمونييه، ماريو
245 1 0 _aالالهة السورية /
_cمونييه، ماريو
250 _aط1
260 _aسوريا :
_bالابجدية للنشر ،
_c1992
300 _a110 ص ؛
_c18 سم
490 _aابجدية المعرفة
_v7
650 0 4 _aسوريا - تاريخ
650 0 4 _aسوريا القديمة - تاريخ
700 1 _aمفيد رائف العابد
942 _2ddc
_cBK
999 _c48414
_d48414